[Event "Paleochora op 13th"]
[Site "Paleochora"]
[Date "2020.07.21"]
[Round "5"]
[White "Basso, Pier Luigi"]
[Black "Papadopoulos, Georgios"]
[Result "0-1"]
[WhiteElo "2596"]
[BlackElo "2347"]
[Annotator "Kapnisis,Spyridon"]
[PlyCount "129"]
[EventDate "2020.07.18"]
[EventType "swiss"]
[EventRounds "9"]
[EventCountry "GRE"]
[SourceTitle "CBM 197 Extra"]
[Source "ChessBase"]
[SourceDate "2020.09.30"]
[SourceVersion "1"]
[SourceVersionDate "2020.09.30"]
[SourceQuality "1"]

{[%evp 0,42,19,31,14,-14,43,38,37,37,36,-6,-1,3,29,-11,50,30,38,38,85,73,99,71,
71,89,69,71,69,28,45,-5,-5,-25,-5,-5,34,-70,-57,-69,-49,-93,-40,-90,-116]} 1.
d4 Nf6 2. c4 g6 3. Nc3 Bg7 4. e4 d6 5. f3 O-O 6. Nge2 c5 7. d5 e6 8. Ng3 exd5
9. cxd5 h5 (9... Nh5 $5 10. Nxh5 gxh5 11. Bd3 f5 12. O-O f4 $13 {1/2 (60)
Sjugirov,S (2675)-Jones,G (2670) chess.com INT 2020}) (9... a6 10. a4 Nbd7 (
10... h5 11. Bg5 Qe8 12. Bd3 Nh7 13. Bf4 Qe7 14. Nge2 Nd7 15. O-O Ne5 $13 {
1-0 (42) Wojtaszek,R (2724)-Svidler,P (2739) Moscow RUS 2019}) 11. Be2 Ne8 12.
O-O (12. Be3 Rb8 13. Qd2 Nc7 $13 {0-1 (34) Nguyen,A (2484)-Wang Hao (2718) Ho
Chi Minh City VIE 2019}) 12... Rb8 13. Re1 (13. Be3 Nc7) 13... Bd4+ 14. Kh1 Qh4
$132 {0-1 (42) Ding Liren (2811)-Nepomniachtchi,I (2776) chess.com INT 2019})
10. Be2 (10. Bg5 $5 Qb6 $5 (10... a6 11. a4 Qe8 {is more common}) 11. Qd2 Nh7
12. Bh4 (12. Be3 h4 (12... Nd7) 13. Nge2 Nd7 14. Nf4 Ne5 $13) 12... a6 13. a4
Re8 14. Be2 Qb4 15. f4 $2 (15. Nf1 $1 $13 {[%cal Yf1e3]}) 15... Nd7 16. O-O
Qd4+ 17. Qxd4 cxd4 $17 {0-1 (30) Papasimakopoulos,A (2250)-Kotronias,V (2510)
Aghios Kirykos GRE 2020}) 10... Nh7 (10... h4 11. Nf1 Nh7 {0-1 (39) Sjugirov,S
(2662)-Perez Ponsa,F (2564) chess24.com INT 2019}) (10... Nbd7 11. O-O Nh7 12.
Be3 Re8 {1/2 (40) Noe,C (2494)-Van Wely,L (2667) Karlsruhe GER 2018} (12... h4
13. Nh1 f5 $13)) (10... a6 11. a4 Nh7 (11... Nbd7 12. O-O h4 13. Nh1 Nh5 $5 14.
Be3 (14. Nf2 Be5 $13) 14... f5 (14... Bd4 $5 15. Bxd4 cxd4 16. Qxd4 Qg5 $44)
15. f4 Qe8 $13 {1/2 (51) Vachier Lagrave,M (2731)-Nakamura,H (2814) Saint
Louis USA 2015}) 12. Be3 h4 13. Nf1 f5 $13 {1-0 (32) Wojtaszek,R (2744)-Erdos,
V (2585) Novi Sad SRB 2016}) 11. Be3 h4 $1 {Black correctly decides to kick
the knight from g3 before white castles} (11... Qe7 $6 {has been tried against
Basso in the recent past without too much success} 12. O-O f5 13. Qd2 h4 14.
Nh1 a6 15. Rae1 b5 16. exf5 gxf5 17. Nf2 Nd7 18. Kh1 Ne5 19. Nh3 Bd7 20. f4 Ng4
21. Bxc5 dxc5 22. Bxg4 $14 {1-0 (39) Basso,P (2600)-Abdumalik,Z (2471) Caleta
ENG 2020}) 12. Nf1 f5 (12... Nd7) 13. exf5 {[#]} (13. Qd2 fxe4 14. Nxe4 Bf5 {
is fine for black}) 13... gxf5 (13... Bxf5 {is playable as well.} 14. g4 $5 (
14. Qd2 Na6 $13) 14... Bd7 15. Ne4 (15. Nd2 Bd4 $1 $13) 15... Na6 $1 16. Nxd6
Nf6 $44 {Position is quite sharp with black having good compensation.}) 14. Nd2
(14. Qd2 {was white's choice 2 weeks before the currect game. Probably a
superior move to 14.Nd2} Qf6 (14... a6 15. Bh6 b5 16. Bxg7 Kxg7 17. g3 $40 {
[%cal Yh1g1,Ye1c1]}) 15. Bf4 (15. g3 $5) 15... Nd7 16. Ne3 Ne5 $13 {1-0 (34)
Basso,P (2596)-Cabarkapa,N (2459) Paracin SRB 2020}) 14... Re8 (14... f4 $6 15.
Bf2 Bf5 16. Nde4 $14) (14... Nd7 15. O-O) 15. Bf2 (15. Bf4 Nf8 $5 {[%cal Yf8g6]
} (15... Nd7 $5 16. Nc4 Ne5 17. Nxe5 Bxe5 18. Bxe5 Rxe5 19. Qd2 $13 {[%cal
Ye1c1]}) 16. Nc4 Ng6 17. Qd2 (17. Bxd6 $2 Bxc3+ 18. bxc3 b5 $17) 17... Nxf4 18.
Qxf4 {[#]} b5 $1 19. Nxb5 (19. Nxd6 Be5 $19) 19... Rxe2+ $1 20. Kxe2 Qe8+ 21.
Kf2 Qxb5 22. Rad1 $1 {prophylaxis against Bd4.} Nd7 23. Rhe1 Nb6 $1 24. Nxd6
Qxb2+ 25. Kg1 Bd7 (25... Qf6 26. Ne8 Qh6 $13) 26. Nxf5 Qf6 $13) 15... Qe7 16.
Nc4 Bxc3+ $5 (16... Bd7 $5 17. a4 Na6 {[%cal Ya6c7,Yb7b5]} (17... Bxc3+ 18.
bxc3 b5 19. Nb2 $14) (17... Nf8 18. Qd2 Ng6 {[#]} 19. O-O $1 Na6 (19... Bxc3 $2
20. bxc3 Qxe2 21. Qh6 $18) 20. Rae1 $14) 18. O-O $5 Bxc3 19. bxc3 Qxe2 20. Qb3
Qe7 21. Qxb7 h3 $1 22. Qxa6 Qg7 23. g3 Ng5 $13) 17. bxc3 b6 $2 {[#]} (17... b5
18. Na5 Bd7 (18... Ba6 19. Rc1 $16) (18... f4 19. a4 {[%cal Ya1a2]} Qg7 20.
axb5 $16) 19. a4 $14 {[%cal Ya1a2,Ye1g1]}) (17... Nd7 $5 {was the strongest}
18. a4 Nb6 $13) 18. Nd2 $2 {White defends in a passive way against the threat
of Ba6 and ends up clearly worse} (18. O-O $1 {White should have tried to
castle (18.0-0) at all costs!} Qxe2 (18... Ba6 19. Re1 (19. Bd3 $5) 19... Nd7
20. Bd3 Qf6 21. Rxe8+ Rxe8 22. Nxd6 $1 Bxd3 23. Nxe8 $18) (18... b5 19. Bxh4 $1
{It is highly likely that white was afraid of 18...b5 and missed 19.Bh4!} Qxh4
(19... Qxe2 20. Nxd6 Bd7 21. Qb3 $18 {[%cal Yf1e1]}) 20. Nxd6 Rd8 21. Nxc8 Rxc8
22. d6 Nf6 23. Bxb5 $16) 19. Qb3 $1 Qe7 (19... Ba6 20. Nxd6 Rf8 21. Rae1 Qd2
22. c4 $18) 20. Rfe1 Qd7 21. Rxe8+ Qxe8 22. Nxd6 Qd7 23. Nxc8 Qxc8 24. Re1 Nd7
25. Re7 $40 {White's attack is worth more than the sacrificed piece.}) 18...
Ba6 19. c4 Nd7 $40 {[%csl Re1] Black has managed to fully develop while white
still struggles to find a solution for his king.} 20. Rc1 b5 (20... h3 $5 $17)
(20... Ndf6 $1 {[%cal Yf6d5] Organizing Nxd5 was another very strong plan for
black} 21. Nb1 (21. Bxh4 Qg7 22. O-O Nxd5 $17) 21... Qg7 22. Kf1 Re5 $1 $17 {
[%cal Yf6d5,Ya8e8]}) 21. Rc3 $6 (21. Kf1 Rab8 22. g4 $5 bxc4 23. Bxc4 Bxc4+ 24.
Nxc4 Ne5 $17) 21... bxc4 22. Re3 Qg5 (22... Qg7) 23. Rxe8+ Rxe8 24. O-O c3 (
24... h3 $5) 25. Bxa6 h3 $6 (25... cxd2 $19 {[%cal Yh7f6,Yf6h5,Yh5f4] The pawn
on d2 immobilizes most of white's pieces.}) 26. Bg3 {[#]} Qxd2 $2 {Exchanging
the queens doesn't make much sense since the white king seems to be in danger}
(26... cxd2 27. f4 {White is more or less forced to play f4 so as to get rid
of the pawn on d2 but black gets an excellent outpost on e4 for his knights.
More over white's bishop on g3 looks like a tall pawn.} Qh6 28. Qxd2 Nhf6 $17 {
[%cal Yf6e4]}) 27. Qxd2 cxd2 28. Rd1 $2 {[#]} (28. Bf4 Ne5 {[%csl Rd5][%cal
Yh3g2,Yh7f6]} 29. Bxd2 Nf6 30. gxh3 Nxd5 $17 {is far from pleasant for white})
28... f4 $1 {Important intermediate move which secures a big advantage for
black} 29. Bh4 Rb8 $5 (29... Ne5 30. Rxd2 Kf7 $19 {[%cal Ye8g8]}) 30. Rxd2 Rb1+
$2 (30... Ne5 $1 {was the easiest way to proceed. Black will advance his
passed c pawn and he will combine it with threats against the white king.} 31.
Be7 Rb1+ 32. Kf2 c4 $1 $19 {[%cal Ye5d3,Yc4c3]}) 31. Kf2 Rh1 $2 {Black's last
couple of moves surrendered all of black's winning advantage and white even
gets the better chances.} (31... Ne5 32. gxh3 (32. Be7 $2 c4 33. Bxd6 Nd3+ 34.
Rxd3 cxd3 $19) 32... Kf7 $15 (32... c4 33. Bc8 $1 {[%cal Yc8f5]}) 33. Bc8 $2
Nc4 $19) 32. Be7 Rxh2 33. Kg1 Rxg2+ 34. Rxg2+ hxg2 35. Bxd6 $14 Nhf6 36. Bb7 {
White understandably tries to keep as many pawns as possible in the game but
black will get counterplay with his passed pawn on the c file.} (36. Bb5 Kf7
37. Kxg2 Nb6 38. Bxc5 Nfxd5 {Should be defendable although white can still
pose some problems.}) 36... c4 $1 {Black correctly pushes his passed pawn
which caused problems to white in the near future} 37. Bxf4 Nc5 (37... Nb6 38.
d6 Kf7 $11 {[%cal Yf7e6]}) 38. Bc6 (38. Bc8 $5 {[%cal Yc8f5]} Nxd5 39. Bd6 Nb6
$1 $11) 38... c3 39. Bb5 Kf7 40. Bc4 c2 41. Kxg2 {[#]} Nfd7 $1 {Black knight
is transfered to d3 through the e5 square. White must be careful} 42. d6+ Kf6
43. Bc1 Ne5 {[#]} 44. Bb2 $4 {A difficult to explain mistake after the time
pressure. A moment of absent-mindedness is enough and the game is lost.} (44.
Bb5 $1 Ke6 (44... Ned3 $4 45. d7 $18) (44... a6 45. d7 $1 Nexd7 46. Bxd7 Nxd7
47. Kf2 $11) 45. d7 (45. Kf1 $11) 45... Nexd7 46. f4 $11) 44... c1=Q 45. Bxc1
Nxc4 $19 46. Kf1 Nd3 47. Bg5+ Ke6 48. Ke2 Nb4 49. Kd1 a5 50. a4 Kd7 51. Kc1 Nb6
52. Kb2 Nxa4+ 53. Kb3 Nc5+ 54. Kc4 Nbd3 55. Bc1 a4 56. Ba3 Kxd6 57. Kd4 Ke6 58.
f4 Kf5 59. Ke3 Kg4 60. f5 Kxf5 61. Kd2 Ke4 62. Kc2 Kd4 63. Kb1 Kc3 64. Ka1 Kb3
65. Bc1 0-1

[Event "RUS-ch51"]
[Site "St Petersburg"]
[Date "1998.08.05"]
[Round "9"]
[White "Dreev, Alexey"]
[Black "Shchekachev, Andrei"]
[Result "1/2-1/2"]
[WhiteElo "2645"]
[BlackElo "2560"]
[Annotator "King,D"]
[PlyCount "43"]
[EventDate "1998.07.28"]
[EventType "swiss"]
[EventRounds "11"]
[EventCountry "RUS"]
[SourceTitle "CBM 067"]
[Source "ChessBase"]
[SourceDate "1998.11.30"]
[SourceVersion "2"]
[SourceVersionDate "1998.11.01"]
[SourceQuality "1"]

1. d4 Nf6 2. c4 g6 3. Nc3 Bg7 4. e4 d6 5. f3 O-O 6. Nge2 c5 7. d5 e6 8. Ng3
exd5 9. cxd5 Nh5 {[%cal Rg7a1,Rd8h4,Rf7f5] A daring strategy. The knight opens
diagonals and makes way for the f-pawn. There are a lot of weak dark squares
in White's position, so I suppose that is some sort of justification.} ({
It is worth comparing that with the following effort; exactly the same apart
from the inclusion of the two rook pawn moves:} 9... a6 10. a4 Nh5 $5 11. Nxh5
gxh5 12. Bd3 f5 {White already has to make a crucial decision. Should he allow
Black to play ...f4 or not?} {So instead of risking that, White decides to
capture:} 13. exf5 {However, that frees Black pieces:} ({White decided not to
play} 13. O-O {- he must have been worried about} f4 (13... Nd7 {is also
interesting:} 14. exf5 Ne5 15. g4 Qh4 16. Be2 hxg4 17. fxg4 h5 $132) 14. Ne2
Be5 {If Black can maintain his central position and swing his pieces around to
the kingside, then he has excellent prospects. It is a big 'if' though. Black
would like to play ...Rf7 followed by ...Nb8-d7-f8-g6. Then he would feel
secure.}) 13... Bxf5 14. O-O Nd7 15. a5 Qf6 16. Ra4 Qg6 17. Bxf5 Rxf5 18. Re4
Raf8 {Clearly, Black has sufficient play.} 19. Re6 Bd4+ 20. Kh1 R8f6 21. Rfe1
Ne5 22. Ne2 Rxe6 23. dxe6 Qxe6 24. Nxd4 cxd4 25. f4 (25. Qxd4 Nxf3) 25... Nd3
26. Rxe6 Nf2+ 27. Kg1 Nxd1 28. Rxd6 Rc5 29. Bd2 Nxb2 30. Rxd4 Rc2 31. f5 Nc4
32. Bg5 b5 33. axb6 Nxb6 34. Rd8+ Kf7 35. Rh8 Kg7 36. Rb8 Nd5 37. Ra8 h6 38.
Bh4 Rc7 39. Bg3 Rc1+ 40. Kf2 Kf6 41. Rf8+ Ke7 42. Rh8 Kf6 43. Rxh6+ Kg5 44. Re6
Nf6 45. Bh4+ Kxh4 46. Rxf6 Kg5 47. Rxa6 Kxf5 48. Kg3 Rc4 49. h4 Rc3+ 50. Kh2
Kg4 51. Ra4+ Kf5 52. g3 Rc6 53. Ra5+ Kg6 54. Kg2 Rb6 55. Re5 Rf6 56. Re4 Kh6
57. Rf4 Ra6 58. Rf5 Kg6 59. Rg5+ {1/2-1/2 Ward,C-Bekker Jensen,S/Politiken Cup
1998}) ({It is worth comparing the position after Black plays ...Nh5 with the
more usual tries. There is no doubt that this system requires delicate
handling as well as undogmatic thinking. Perfect for someone like Ivanchuk:} 
9... Nbd7 10. Be2 a6 11. a4 h5 12. Bg5 Qe8 13. Qd2 Nh7 14. Bh6 Qe5 15. Bxg7
Qxg7 16. Nf1 (16. O-O h4 17. Nh1 Qd4+ 18. Qxd4 cxd4 19. Nb1 a5 20. Rd1 Nc5 {
Black is better, Disconzi da Silva,R-Leitao,R/ch-BRA, Americana 1996}) 16... f5
17. exf5 gxf5 18. Ne3 Kh8 19. Nc4 Qf6 20. O-O Rb8 21. Rfe1 b5 22. axb5 axb5 23.
Na5 b4 24. Nb5 Ba6 25. Nc7 Bxe2 26. Rxe2 Rg8 27. Nc6 Rbc8 28. Ne6 Ra8 29. Rae1
Ra2 30. Nf4 Qg5 31. h4 Qg3 32. Re6 Ndf6 33. Ne7 Rga8 $4 34. Nfg6+ {1-0,
Ivanchuk-Kramnik, Supertorneo, Las Palmas 1996.}) (9... b6 10. Bf4 Qe7 11. Qd2
h5 12. Bg5 a6 13. a4 Nbd7 14. Be2 Re8 15. O-O Nf8 16. Rab1 h4 17. Nh1 h3 18. g3
N8h7 19. Bh6 Bh8 20. Nf2 Bd7 21. b4 c4 22. g4 b5 23. a5 Nh5 24. Be3 Qe5 25.
Rfc1 Ng3 26. Bd1 g5 27. Nxh3 Bf6 28. Kg2 Nh5 29. gxh5 Bxh3+ 30. Kxh3 g4+ 31.
Kxg4 Kh8 32. f4 Rg8+ 33. Kh3 Qe7 34. Bd4 Qd7+ {1-0 Ivanchuk,V-Schaack,H/
Frankfurt Ordix op 1998}) 10. Nxh5 gxh5 11. Bd3 f5 12. O-O {White allows ...f4
if Black wants it - but he doesn't!} Na6 {This gives Black excellent play, but
I am still wondering about} (12... f4 $5 {...as in the notes above. This is an
ambitious move - Black is going for total control; but if White cracks the
blockade then that will be the end:} 13. Ne2 Be5 (13... Qh4 14. Bxf4 Rxf4 15.
g3 $18) 14. Rb1 {Not as effective:} (14. g3 {If White is to attempt to break
the blockade then I think he should do so immediately, before Black has a
chance to bring his queenside pieces over.} fxg3 15. hxg3 h4 {forcing the
issue;} (15... Nd7 16. f4 Bg7 17. f5 Ne5 18. Nf4 $16) 16. g4 h3 17. f4 Qh4 18.
Kh2 (18. Kh1 Bxg4 (18... Bg7 $5 19. f5 Nd7 20. Nf4 Nf6 21. Rg1 Re8 $13) 19.
fxe5 Nd7 20. Rg1 (20. e6 Rxf1+ 21. Qxf1 Ne5 22. Bf4 Bf3+ 23. Kg1 Qg4+ 24. Bg3
h2+ 25. Kxh2 Qh5+ 26. Kg1 Nxd3 $19) 20... Kh8 (20... Nxe5 21. Bf4 Kh8 22. Bxe5+
dxe5 23. Qe1 Qf6 24. Rf1 Qg6) 21. Qe1 Qxe1 22. Rxe1 Nxe5 23. Nf4 Rxf4 (23...
Bf3+ 24. Kh2 Rxf4 25. Bxf4 Nxd3 26. Re3 Nxf4 27. Rxf3 Ng6) 24. Bxf4 Nxd3 25.
Rf1 Be2 26. Bxd6 Bxf1 27. Rxf1 {White is playing for the win.}) 18... Bxg4)
14... Nd7 15. Bd2 Rf7 {[%cal Rd7f8,Rf8g6] I have already spent far too much
time looking at these ideas. The conclusion on ...f4? 'Unclear' of course.}) {
The position after 12...Na6 is still extremely double-edged, but it isn't
quite as all or nothing as 12...f4.} 13. Bf4 (13. exf5 $6 Bxf5 {[%csl Rd5]
[%cal Ra6c7,Rc7d5]}) 13... fxe4 14. fxe4 c4 15. Bxc4 Qb6+ 16. Kh1 Qxb2 17. Bxd6
Bg4 (17... Rxf1+ 18. Qxf1 Qxc3 19. e5 Bf5 20. Rc1 Qe3 21. e6 $36) 18. Qb3 Bxc3
19. Qxb2 Bxb2 20. Rae1 Rxf1+ 21. Bxf1 Bd4 22. h3 {White offers a draw at the
correct moment, before the situation resolves itself. The two centre pawns are
terrifying, but I believe Black's chances are at least equal. A random line:} (
22. h3 Bd7 23. e5 Nc5 24. e6 Ba4 25. Be5 Bxe5 26. Rxe5 Re8 27. Rxh5 Ne4 28. Rh4
Bc2 29. Bb5 Re7 30. Rg4+ Kh8 31. Rf4 Nd6 $17 {but far from forced!}) 1/2-1/2

[Event "Odorheiu Secuiesc"]
[Site "Odorheiu Secuiesc"]
[Date "1993.??.??"]
[Round "4"]
[White "Rogozenco, Dorian"]
[Black "Marin, Mihail"]
[Result "1-0"]
[WhiteElo "2480"]
[BlackElo "2515"]
[Annotator "Knaak,R"]
[PlyCount "47"]
[EventDate "1993.05.??"]
[EventType "tourn"]
[EventRounds "11"]
[EventCountry "ROU"]
[EventCategory "12"]
[SourceTitle "CBM 036"]
[Source "ChessBase"]
[SourceDate "1993.10.01"]
[SourceVersion "1"]
[SourceVersionDate "1993.10.01"]
[SourceQuality "1"]

1. d4 {Belov} Nf6 2. c4 c5 3. d5 d6 4. Nc3 g6 5. e4 Bg7 6. h3 O-O 7. Bd3 e6 8.
Bg5 (8. Nf3 {Belov}) 8... exd5 9. cxd5 Re8 (9... Qe8 $6 {Belov} 10. Qe2 $1 a6
11. a4 Nbd7 12. Nf3 Ne5 13. O-O Nfd7 $6 14. Nd2 Nxd3 15. Qxd3 $14 {Spassky,
B-Polgar,J Budapest 1993 Inf 56/85/}) (9... h6 {Belov} 10. Be3 Na6 11. Qd2 Kh7
12. Nge2 $1 Nc7 13. a4 b6 14. O-O Bd7 15. Rab1 a5 $14 {Chernin,A-Kaminski,M
Polanica Zdroj 1992 Inf 55/92/}) (9... Nbd7 {Belov} 10. Nf3 a6 11. a4 Qc7 12.
O-O (12. Nd2 $5 Ne5 13. Be2 $16) 12... c4 13. Bc2 Re8 14. Re1 Nc5 15. a5 Nfd7
16. Be3 Rb8 17. Bd4 $16 {Chernin,A-Polgar,J Buenos-Aires 1992 Inf 54/82/}) (
9... a6 {Belov} 10. a4 Re8 11. Nf3 c4 12. Bc2 h6 13. Be3 Nbd7 14. O-O $14 {
Chernin,A-Tseitlin,Ma Beer Sheva 1992 Inf 54/81/}) 10. Nf3 (10. Nge2 {Belov} a6
11. a4 Nbd7 12. O-O Rb8 13. Kh1 h6 14. Bh4 Ne5 15. f4 Nxd3 16. Qxd3 $14 {
Goldin,A-Pigusov,E Novosibirsk 1993/}) 10... c4 11. Bc2 b5 12. a3 $14 Bd7 $146
(12... a5 $6 13. Nxb5 Qb6 14. Qd4 $1 Qxb5 15. Bxf6 Bxf6 16. Qxf6 Nd7 17. Qd4
$16 {Chernin,A-Marin,M/Budapest zt-B/1993/}) (12... Na6 13. O-O Nc5 14. Re1 Qb6
15. Qd2 $14 {Rogozenko,D-Marin,M/Bucharest/1993/}) 13. O-O a5 14. Nd4 Na6 $2 (
14... Qb6 15. Be3 (15. Ndxb5 {Belov} Bxb5 16. Bxf6 Bxf6 17. Nxb5 Na6 18. a4
Bxb2 19. Rb1 Bg7 $15) 15... Qb7 16. Qf3 $1 Na6 (16... b4 $2 17. axb4 axb4 18.
Rxa8 Qxa8 19. Ncb5 $16) 17. Rad1 (17. Nce2 Nc5 18. Ng3 b4 $13) 17... b4 18.
Nce2 Nc5 19. Ng3 $13) 15. Ndxb5 Bxb5 (15... Qb6 $6 {Belov} 16. Be3 Nc5 17. a4
Bxb5 18. axb5 $16) 16. Nxb5 Qb6 17. Nc3 Qxb2 18. Bd2 Rab8 $2 (18... Qb6 19. Rb1
$16) (18... Qb8 $5 {Belov} 19. Rb1 Qd8 20. Ba4 Re7 21. Bc6 Rb8 22. Qc2 Nc5 $14)
19. Rb1 $1 Qxa3 20. Nb5 Rxb5 (20... Qc5 21. Be3 $18 (21. Be3 {Belov} Qc8 22.
Nxd6 $18)) 21. Rxb5 $18 Nb4 22. Qb1 Nxc2 (22... Nd3 {Belov} 23. Rxa5 $18) (
22... Nd7 {Belov} 23. Bxb4 axb4 24. Qxb4 Qxb4 25. Rxb4 c3 26. Ba4 $18) 23. Qxc2
Nxe4 $2 (23... Qd3 $8 {Belov} 24. Qxd3 cxd3 25. f3 a4 26. Ra5 Nd7 27. Rxa4 Nc5
28. Rc4 $16) 24. Qxe4 (24. Qxe4 Rxe4 25. Rb8+ Bf8 26. Bh6 $18) 1-0

[Event "Ciocaltea Memorial"]
[Site "Bucharest"]
[Date "1993.??.??"]
[Round "?"]
[White "Rogozenco, Dorian"]
[Black "Marin, Mihail"]
[Result "1-0"]
[WhiteElo "2480"]
[BlackElo "2515"]
[Annotator "Knaak,R"]
[PlyCount "77"]
[EventDate "1993.02.??"]
[EventType "tourn"]
[EventRounds "15"]
[EventCountry "ROU"]
[EventCategory "10"]
[SourceTitle "CBM 034"]
[Source "ChessBase"]
[SourceDate "1993.06.01"]
[SourceVersion "1"]
[SourceVersionDate "1993.06.01"]
[SourceQuality "1"]

1. d4 Nf6 2. c4 c5 3. d5 d6 4. Nc3 g6 5. e4 Bg7 6. h3 O-O 7. Bg5 e6 8. Bd3 exd5
9. cxd5 Re8 10. Nf3 c4 11. Bc2 b5 12. a3 Na6 13. O-O Nc5 14. Re1 Qb6 15. Qd2 a5
16. e5 $1 dxe5 17. Nxe5 Bf5 $6 (17... Bb7 18. Rad1 $14) 18. Bxf5 $1 Nb3 19. Qf4
Nxa1 20. Be6 $1 fxe6 21. Bxf6 exd5 $2 (21... Rf8 $6 22. Nd7 Bxf6 23. Nxf6+ Kg7
24. Rxe6 $16) (21... Bxf6 $1 22. Qxf6 (22. Nd7 $2 Bxc3 $1 23. bxc3 Qb7 24. Nf6+
Kh8 25. Nxe8 Rxe8 $19) 22... Rf8 23. Qxe6+ Qxe6 24. dxe6 Nc2 25. Re4 $44) 22.
Bxg7 Kxg7 23. Qf7+ Kh8 24. Nxd5 Qe6 (24... Qd6 25. Nf6 Re7 26. Nxg6+ hxg6 27.
Qxe7 $18) 25. Qxe6 (25. Nf6 $1 Qxf7 26. Nxf7+ Kg7 27. Nxe8+ Rxe8 28. Rxe8 Kxf7
29. Rb8 $18) 25... Rxe6 26. Nf7+ Kg7 27. Rxe6 Kxf7 28. Re7+ Kg8 29. Rb7 $18 Nb3
30. Rxb5 Rd8 31. Ne3 Nd2 32. f3 Rd3 33. Kf2 a4 34. Rd5 c3 35. bxc3 Rxd5 36.
Nxd5 Nc4 37. Ke2 Kf7 38. Kd3 Nb2+ 39. Kd4 1-0

[Event "Budapest zt-B"]
[Site "Budapest"]
[Date "1993.??.??"]
[Round "6"]
[White "Chernin, Alexander"]
[Black "Sznapik, Aleksander"]
[Result "1-0"]
[WhiteElo "2600"]
[BlackElo "2440"]
[Annotator "Knaak,R"]
[PlyCount "59"]
[EventDate "1993.03.??"]
[EventType "tourn"]
[EventRounds "11"]
[EventCountry "HUN"]
[EventCategory "9"]
[SourceTitle "CBM 034"]
[Source "ChessBase"]
[SourceDate "1993.06.01"]
[SourceVersion "1"]
[SourceVersionDate "1993.06.01"]
[SourceQuality "1"]

1. c4 Nf6 2. Nc3 g6 3. d4 Bg7 4. e4 d6 5. h3 O-O 6. Bg5 c5 7. d5 e6 8. Bd3 exd5
9. cxd5 h6 10. Be3 b5 (10... Re8 11. Nge2 (11. Nf3 $1 a6 12. a4 c4 13. Bc2 Nbd7
14. O-O b6 15. Re1 Nc5 (15... Bb7) 16. a5 $1 Nfd7 17. Qd2 Kh7 18. axb6 Qxb6 19.
Na4 Qc7 20. Bd4 $16 {Chernin-Tseitlin,MD/Beersheba/1992}) 11... Nbd7 $1 12. Ng3
a6 13. a4 Ne5 14. Be2 Nh7 $1 15. O-O Qh4 16. Nh1 (16. Qe1 $5 {/\ 17.f4}) 16...
Ng5 $1 17. f4 Nxh3+ 18. gxh3 Qxh3 19. Qd2 Ng4 20. Bxg4 Qxg4+ 21. Qg2 Qxg2+ 22.
Kxg2 Bxc3 23. bxc3 Rxe4 24. Kf2 b6 $17 {Yermolinsky-Sherzer/USA-ch/1992}) (
10... Na6 11. Qd2 Kh7 12. Nge2 $1 (12. Nf3 Re8 13. O-O b5 {(Chernin)}) 12...
Nc7 13. a4 b6 14. O-O Bd7 15. Rab1 a5 (15... a6 16. b4 $14) 16. Ng3 (16. Bf4 $1
{(Chernin)}) 16... Re8 17. Kh1 Rb8 18. Qe2 Qc8 19. Kh2 Qb7 $13 {
Chernin-Kaminski/Polanica Zdroj/1992/i55/92}) 11. Nxb5 Re8 (11... Na6 12. Ne2
Rb8 13. O-O Qd7 14. Nec3 Nb4 15. Be2 Re8 16. a3 a6 17. axb4 cxb4 18. Na4 axb5
19. Nb6 Qd8 20. Nxc8 Qxc8 21. f3 Nh5 $13 {Gulko-Sherzer/USA-ch/1992}) 12. Nc3
$1 Nxe4 $5 13. Nxe4 f5 14. Ne2 $1 (14. Nc3 f4 $44) 14... fxe4 15. Bc2 Ba6 (
15... Bxb2 16. Rb1 Bg7 17. O-O $44) 16. O-O Nd7 17. Re1 Bxb2 18. Rb1 Bg7 19.
Nf4 Nf8 20. Bd2 Bd4 $6 21. Bxe4 $16 Qf6 22. Rb3 $3 g5 23. Rf3 $1 gxf4 24. Rxf4
$40 Qe7 25. Qh5 Bg7 26. Rg4 Bc8 27. Rg3 Qf7 $6 (27... Qd7 28. Rxg7+ $1 Kxg7 29.
Bxh6+ Kg8 30. Qg5+ Kh8 31. Qf6+ Kg8 32. Re3 $18) (27... Qe5 28. Bh7+ Kxh7 29.
Rxe5 Rxe5 30. Qf7 $18) 28. Bh7+ Nxh7 29. Rxe8+ Nf8 30. Bc3 1-0